000 00681nam a2200241Ia 4500
003 OSt
005 20220928103616.0
006 a|||||r|||| 00| 0
007 ta
008 220927b |||||||| |||| 00| 0 eng d
024 _a60998
037 _cTextual
040 _aSDCL
_cSDCL
_beng
041 _2eng
_aeng
082 _aP15,10A3:28x1,1, L7.1
100 _aSharma Uma Shankar
_9405531
245 0 _aNirukta of yaska.
260 _aVaranasi
_bChowkhamba Vidya Bhawan
_c1977
300 _a228+32p.
_ccm.
490 _aVidya Bhawan Sanskrit Granthamala
942 _hP15,10A3:28x1,1, L7.1
_cTEXL
_2CC
999 _c721166
_d721166